000 00508 a2200205 4500
005 20240228092907.0
008 240222b |||||||| |||| 00| 0 eng d
020 _a9789393525727
_cRs. 595.00
040 _aMAIN
082 _a006.31
_bV519D
100 _aVeena Singh
245 _aDeep learning using python
260 _bArihant Books
_c2023
_aNew Delhi
300 _a260
650 _aComputer Science
650 _aMachine Learning
650 _aDeep Learning
650 _aPython
942 _cBK
999 _c310529
_d310529